[Event "45th FIDE Chess Olympiad Open"]
[Site "Budapest, Hungary"]
[Date "2024.09.22"]
[Round "11"]
[White "Combs, Daniel"]
[Black "Mohamed Ali Dima"]
[Result "1/2-1/2"]
[Board "319"]
[WhiteFideId "31000703"]
[BlackFideId "32500173"]
[WhiteElo "1688"]
[BlackElo "1761"]
[WhiteTeam "Guam"]
[BlackTeam "Djibouti"]
[WhiteClock "0:44:43"]
[BlackClock "0:09:33"]
[Variant "Standard"]

1. e4 {[%clk 1:30:59]}  e5 {[%clk 1:30:53]} 2. Nf3 {[%clk 1:31:27]}  Nf6 {[%clk 1:31:21]} 3. Nc3 {[%clk 1:31:45]}  Bb4 {[%clk 1:31:11]} 4. Bc4 {[%clk 1:31:16]}  O-O {[%clk 1:30:58]} 5. d3 {[%clk 1:31:30]}  d6 {[%clk 1:31:24]} 6. O-O {[%clk 1:31:36]}  Nc6 {[%clk 1:31:39]} 7. h3 {[%clk 1:31:36]}  Na5 {[%clk 1:31:38]} 8. Bb3 {[%clk 1:31:43]}  Nxb3 {[%clk 1:31:53]} 9. axb3 {[%clk 1:32:06]}  h6 {[%clk 1:31:17]} 10. Re1 {[%clk 1:31:50]}  Be6 {[%clk 1:31:22]} 11. Be3 {[%clk 1:31:41]}  d5 {[%clk 1:25:04]} 12. exd5 {[%clk 1:30:31]}  Nxd5 {[%clk 1:25:31]} 13. Bd2 {[%clk 1:30:21]}  Bd6 {[%clk 1:22:44]} 14. Nxd5 {[%clk 1:29:37]}  Bxd5 {[%clk 1:23:04]} 15. Nxe5 {[%clk 1:29:34]}  Qf6 {[%clk 1:23:13]} 16. Nd7 {[%clk 1:28:59]}  Qg6 {[%clk 1:23:25]} 17. Qg4 {[%clk 1:28:40]}  Qxg4 {[%clk 1:23:32]} 18. hxg4 {[%clk 1:29:08]}  Rfd8 {[%clk 1:23:40]} 19. Ne5 {[%clk 1:29:13]}  a6 {[%clk 1:22:28]} 20. Nc4 {[%clk 1:26:27]}  Bf8 {[%clk 1:21:33]} 21. Bc3 {[%clk 1:25:34]}  b5 {[%clk 1:21:40]} 22. Ne3 {[%clk 1:24:33]}  Bb7 {[%clk 1:22:00]} 23. Be5 {[%clk 1:23:55]}  Bd6 {[%clk 1:18:29]} 24. Bxd6 {[%clk 1:23:27]}  Rxd6 {[%clk 1:18:56]} 25. Nf5 {[%clk 1:23:17]}  Rdd8 {[%clk 1:18:49]} 26. Re7 {[%clk 1:21:01]}  Rac8 {[%clk 1:18:48]} 27. Rae1 {[%clk 1:20:45]}  Kf8 {[%clk 1:17:55]} 28. f3 {[%clk 1:19:47]}  Bd5 {[%clk 1:18:14]} 29. R7e3 {[%clk 1:19:35]}  Be6 {[%clk 1:17:35]} 30. Ng3 {[%clk 1:19:52]}  c5 {[%clk 1:16:50]} 31. Ne4 {[%clk 1:19:02]}  c4 {[%clk 1:16:56]} 32. bxc4 {[%clk 1:18:59]}  bxc4 {[%clk 1:17:24]} 33. dxc4 {[%clk 1:19:01]}  Rxc4 {[%clk 1:17:25]} 34. Rc3 {[%clk 1:18:55]}  Rcd4 {[%clk 1:01:55]} 35. b3 {[%clk 1:17:17]}  f5 {[%clk 0:57:54]} 36. Nc5 {[%clk 1:16:25]}  Bc8 {[%clk 0:57:38]} 37. gxf5 {[%clk 1:16:09]}  Bxf5 {[%clk 0:57:40]} 38. Nxa6 {[%clk 1:15:58]}  R8d6 {[%clk 0:57:34]} 39. Nc7 {[%clk 1:13:57]}  Rd2 {[%clk 0:57:16]} 40. g4 {[%clk 1:12:48]}  Rg6 {[%clk 0:56:30]} 41. Kf1 {[%clk 1:01:58]}  Bxc2 {[%clk 0:55:46]} 42. Ne6+ {[%clk 1:01:12]}  Kf7 {[%clk 0:42:29]} 43. Rc7+ {[%clk 0:59:38]}  Kg8 {[%clk 0:39:27]} 44. Rc8+ {[%clk 0:59:15]}  Kf7 {[%clk 0:39:55]} 45. Nd8+ {[%clk 0:58:41]}  Kf6 {[%clk 0:39:05]} 46. Rxc2 {[%clk 0:55:58]}  Rxc2 {[%clk 0:38:53]} 47. Re6+ {[%clk 0:56:17]}  Kg5 {[%clk 0:38:31]} 48. Nf7+ {[%clk 0:56:32]}  Kf4 {[%clk 0:38:37]} 49. Rxg6 {[%clk 0:56:45]}  Rc3 {[%clk 0:36:17]} 50. Rxg7 {[%clk 0:56:03]}  Rxb3 {[%clk 0:36:14]} 51. Nxh6 {[%clk 0:55:57]}  Kxf3 {[%clk 0:36:11]} 52. Rf7+ {[%clk 0:56:06]}  Kg3 {[%clk 0:36:33]} 53. g5 {[%clk 0:56:07]}  Rb6 {[%clk 0:30:28]} 54. Rf6 {[%clk 0:55:38]}  Rb1+ {[%clk 0:23:22]} 55. Ke2 {[%clk 0:55:56]}  Kh4 {[%clk 0:23:41]} 56. Nf7 {[%clk 0:54:48]}  Rg1 {[%clk 0:20:18]} 57. Rh6+ {[%clk 0:55:06]}  Kg4 {[%clk 0:20:34]} 58. g6 {[%clk 0:54:38]}  Kf5 {[%clk 0:20:42]} 59. Nh8 {[%clk 0:54:39]}  Kf6 {[%clk 0:20:13]} 60. Rh7 {[%clk 0:54:44]}  Kg5 {[%clk 0:17:34]} 61. Kf2 {[%clk 0:53:00]}  Rg4 {[%clk 0:17:37]} 62. Kf3 {[%clk 0:51:28]}  Rg1 {[%clk 0:17:57]} 63. Ra7 {[%clk 0:49:45]}  Kf5 {[%clk 0:14:34]} 64. Kf2 {[%clk 0:49:23]}  Rg4 {[%clk 0:14:54]} 65. Rf7+ {[%clk 0:47:45]}  Kg5 {[%clk 0:15:14]} 66. Rf8 {[%clk 0:46:44]}  Kh6 {[%clk 0:15:19]} 67. Rg8 {[%clk 0:46:10]}  Kh5 {[%clk 0:14:31]} 68. Re8 {[%clk 0:45:07]}  Kh6 {[%clk 0:14:54]} 69. Re7 {[%clk 0:44:37]}  Kg5 {[%clk 0:15:08]} 70. Re1 {[%clk 0:46:39]}  Kf6 {[%clk 0:13:54]} 71. Kf3 {[%clk 0:46:23]}  Rg5 {[%clk 0:10:28]} 72. Kf4 {[%clk 0:44:43]}  Rh5 {[%clk 0:09:33]} 1/2-1/2

[Event "45th FIDE Chess Olympiad Open"]
[Site "Budapest, Hungary"]
[Date "2024.09.22"]
[Round "11"]
[White "Kudakwashe Chinake"]
[Black "Hasford, John Kojo"]
[Result "1-0"]
[Board "325"]
[WhiteFideId "33100179"]
[BlackFideId "12600083"]
[BlackTitle "FM"]
[WhiteElo "1859"]
[BlackElo "1956"]
[WhiteTeam "Cayman Islands"]
[BlackTeam "Ghana"]
[WhiteClock "0:30:14"]
[BlackClock "1:11:53"]
[Variant "Standard"]

1. d4 {[%clk 1:30:58]}  d6 {[%clk 1:30:38]} 2. Nc3 {[%clk 1:31:13]}  g6 {[%clk 1:30:49]} 3. Bf4 {[%clk 1:31:20]}  Bg7 {[%clk 1:30:43]} 4. e4 {[%clk 1:31:12]}  Nc6 {[%clk 1:30:50]} 5. Nge2 {[%clk 1:26:51]}  Bd7 {[%clk 1:30:13]} 6. Qd2 {[%clk 1:26:02]}  e5 {[%clk 1:30:30]} 7. dxe5 {[%clk 1:23:42]}  Nxe5 {[%clk 1:30:32]} 8. Nd4 {[%clk 1:22:53]}  Nc6 {[%clk 1:29:35]} 9. Nb3 {[%clk 1:16:08]}  a6 {[%clk 1:29:26]} 10. O-O-O {[%clk 1:16:02]}  Nf6 {[%clk 1:29:44]} 11. f3 {[%clk 1:15:35]}  O-O {[%clk 1:25:56]} 12. Bh6 {[%clk 1:14:27]}  Be6 {[%clk 1:25:37]} 13. h4 {[%clk 1:11:53]}  Re8 {[%clk 1:22:14]} 14. h5 {[%clk 1:10:04]}  Qe7 {[%clk 1:21:18]} 15. Bxg7 {[%clk 1:08:24]}  Kxg7 {[%clk 1:21:34]} 16. hxg6 {[%clk 1:08:32]}  fxg6 {[%clk 1:22:00]} 17. Qh6+ {[%clk 1:00:46]}  Kg8 {[%clk 1:22:10]} 18. Kb1 {[%clk 1:00:46]}  Qg7 {[%clk 1:22:19]} 19. Qg5 {[%clk 0:59:52]}  b5 {[%clk 1:21:37]} 20. Ne2 {[%clk 0:39:20]}  Bf7 {[%clk 1:18:31]} 21. Ned4 {[%clk 0:29:51]}  Ne5 {[%clk 1:18:39]} 22. c3 {[%clk 0:25:48]}  c5 {[%clk 1:18:01]} 23. Nc2 {[%clk 0:25:52]}  Rad8 {[%clk 1:13:45]} 24. Ne3 {[%clk 0:25:18]}  Nc6 {[%clk 1:11:07]} 25. Nc1 {[%clk 0:22:19]}  c4 {[%clk 1:08:57]} 26. Ne2 {[%clk 0:21:34]}  Re5 {[%clk 1:05:28]} 27. Qg3 {[%clk 0:22:00]}  a5 {[%clk 1:04:50]} 28. Nd4 {[%clk 0:19:06]}  Rc5 {[%clk 1:03:17]} 29. Nxc6 {[%clk 0:18:01]}  Rxc6 {[%clk 1:03:38]} 30. e5 {[%clk 0:16:43]}  Ne8 {[%clk 1:01:14]} 31. Qg5 {[%clk 0:16:31]}  Rdc8 {[%clk 0:57:01]} 32. Ng4 {[%clk 0:15:38]}  dxe5 {[%clk 0:54:12]} 33. Nh6+ {[%clk 0:15:00]}  Kf8 {[%clk 0:53:24]} 34. Rd7 {[%clk 0:15:15]}  Nf6 {[%clk 0:47:35]} 35. Rxf7+ {[%clk 0:15:30]}  Qxf7 {[%clk 0:47:50]} 36. Nxf7 {[%clk 0:15:54]}  Kxf7 {[%clk 0:47:45]} 37. Qxe5 {[%clk 0:13:14]}  Rc5 {[%clk 0:47:51]} 38. Qf4 {[%clk 0:12:26]}  Rf5 {[%clk 0:46:08]} 39. Qd4 {[%clk 0:08:38]}  Rc7 {[%clk 0:44:50]} 40. Be2 {[%clk 0:07:01]}  Re7 {[%clk 0:44:15]} 41. Bd1 {[%clk 0:01:54]}  Rfe5 {[%clk 0:43:57]} 42. a4 {[%clk 0:30:24]}  Rd5 {[%clk 1:12:11]} 43. Rxh7+ {[%clk 0:30:05]}  Ke6 {[%clk 1:11:53]} 44. Qe3+ {[%clk 0:30:14]} 1-0

[Event "45th FIDE Chess Olympiad Open"]
[Site "Budapest, Hungary"]
[Date "2024.09.22"]
[Round "11"]
[White "Anquandah, Francis Eric"]
[Black "Young, Christopher"]
[Result "1-0"]
[Board "326"]
[WhiteFideId "12600148"]
[BlackFideId "33100039"]
[WhiteTitle "IM"]
[BlackTitle "CM"]
[WhiteElo "1941"]
[BlackElo "1758"]
[WhiteTeam "Ghana"]
[BlackTeam "Cayman Islands"]
[WhiteClock "0:03:51"]
[BlackClock "0:01:28"]
[Variant "Standard"]

1. e4 {[%clk 1:30:55]}  c5 {[%clk 1:30:55]} 2. Nf3 {[%clk 1:31:20]}  e6 {[%clk 1:31:20]} 3. d4 {[%clk 1:31:33]}  cxd4 {[%clk 1:31:47]} 4. Nxd4 {[%clk 1:31:58]}  a6 {[%clk 1:32:11]} 5. Bd3 {[%clk 1:30:25]}  Qc7 {[%clk 1:32:28]} 6. O-O {[%clk 1:30:17]}  Nf6 {[%clk 1:32:40]} 7. Nb3 {[%clk 1:27:04]}  Be7 {[%clk 1:23:40]} 8. Nc3 {[%clk 1:25:28]}  b5 {[%clk 1:23:15]} 9. Qe2 {[%clk 1:16:17]}  d6 {[%clk 1:22:29]} 10. a3 {[%clk 1:14:43]}  Bb7 {[%clk 1:21:43]} 11. Be3 {[%clk 1:13:25]}  Nbd7 {[%clk 1:20:55]} 12. f3 {[%clk 1:09:38]}  d5 {[%clk 1:08:50]} 13. exd5 {[%clk 1:08:17]}  Nxd5 {[%clk 1:08:46]} 14. Nxd5 {[%clk 1:08:27]}  Bxd5 {[%clk 1:09:08]} 15. Rac1 {[%clk 0:54:35]}  Rc8 {[%clk 1:05:37]} 16. Rfd1 {[%clk 0:49:23]}  O-O {[%clk 0:53:57]} 17. Nd2 {[%clk 0:36:49]}  Ne5 {[%clk 0:34:59]} 18. Bd4 {[%clk 0:32:56]}  Bc5 {[%clk 0:32:51]} 19. Qe3 {[%clk 0:29:53]}  Nxd3 {[%clk 0:24:39]} 20. Qxd3 {[%clk 0:29:12]}  Rfd8 {[%clk 0:21:06]} 21. Bxc5 {[%clk 0:27:54]}  Qxc5+ {[%clk 0:21:31]} 22. Kh1 {[%clk 0:27:58]}  Bc4 {[%clk 0:13:54]} 23. Qe4 {[%clk 0:27:05]}  Rd4 {[%clk 0:09:53]} 24. Qe1 {[%clk 0:12:56]}  e5 {[%clk 0:05:19]} 25. c3 {[%clk 0:10:12]}  Rd3 {[%clk 0:03:38]} 26. Ne4 {[%clk 0:10:06]}  Qe3 {[%clk 0:02:19]} 27. Rxd3 {[%clk 0:07:07]}  Qxd3 {[%clk 0:02:12]} 28. Rd1 {[%clk 0:07:07]}  Qc2 {[%clk 0:01:27]} 29. Rd2 {[%clk 0:06:35]}  Qa4 {[%clk 0:01:44]} 30. Nd6 {[%clk 0:06:26]}  Rf8 {[%clk 0:01:28]} 31. Qxe5 {[%clk 0:06:20]}  h6 {[%clk 0:01:36]} 32. h3 {[%clk 0:05:35]}  Be6 {[%clk 0:01:07]} 33. Ne4 {[%clk 0:04:05]}  Qc4 {[%clk 0:01:17]} 34. Kh2 {[%clk 0:03:58]}  Qf1 {[%clk 0:01:18]} 35. Nc5 {[%clk 0:03:49]}  Qc1 {[%clk 0:01:24]} 36. Nxe6 {[%clk 0:03:30]}  fxe6 {[%clk 0:01:41]} 37. Qxe6+ {[%clk 0:03:15]}  Kh8 {[%clk 0:01:57]} 38. Qd6 {[%clk 0:03:22]}  Re8 {[%clk 0:01:57]} 39. Qd7 {[%clk 0:03:28]}  Re1 {[%clk 0:01:44]} 40. Qc8+ {[%clk 0:03:38]}  Kh7 {[%clk 0:01:28]} 41. Qf5+ {[%clk 0:03:51]} 1-0

[Event "45th FIDE Chess Olympiad Open"]
[Site "Budapest, Hungary"]
[Date "2024.09.22"]
[Round "11"]
[White "Shaw, Clifford"]
[Black "Anhwere, Bernard"]
[Result "1-0"]
[Board "327"]
[WhiteFideId "33100101"]
[BlackFideId "12600580"]
[WhiteElo "1744"]
[BlackElo "1893"]
[WhiteTeam "Cayman Islands"]
[BlackTeam "Ghana"]
[WhiteClock "1:04:25"]
[BlackClock "0:46:05"]
[Variant "Standard"]

1. e4 {[%clk 1:30:58]}  c5 {[%clk 1:30:52]} 2. d4 {[%clk 1:31:26]}  cxd4 {[%clk 1:31:15]} 3. c3 {[%clk 1:31:55]}  dxc3 {[%clk 1:31:35]} 4. Nxc3 {[%clk 1:32:18]}  Nc6 {[%clk 1:31:45]} 5. Nf3 {[%clk 1:32:46]}  e6 {[%clk 1:31:55]} 6. Bc4 {[%clk 1:33:09]}  Bb4 {[%clk 1:31:48]} 7. O-O {[%clk 1:33:26]}  Nge7 {[%clk 1:32:09]} 8. Bf4 {[%clk 1:31:40]}  d6 {[%clk 1:29:23]} 9. Nb5 {[%clk 1:30:47]}  e5 {[%clk 1:28:10]} 10. Ng5 {[%clk 1:29:03]}  Rf8 {[%clk 1:12:14]} 11. Qb3 {[%clk 1:12:13]}  d5 {[%clk 0:56:04]} 12. exd5 {[%clk 1:10:58]}  Na5 {[%clk 0:48:54]} 13. Qxb4 {[%clk 1:10:04]}  exf4 {[%clk 0:46:05]} 14. Rfe1 {[%clk 1:04:25]} 1-0

[Event "45th FIDE Chess Olympiad Open"]
[Site "Budapest, Hungary"]
[Date "2024.09.22"]
[Round "11"]
[White "Fomevor, Cephas Clinton"]
[Black "Tracey, Shaun M"]
[Result "1-0"]
[Board "328"]
[WhiteFideId "12601330"]
[BlackFideId "419052"]
[WhiteElo "1873"]
[BlackElo "1684"]
[WhiteTeam "Ghana"]
[BlackTeam "Cayman Islands"]
[WhiteClock "0:06:12"]
[BlackClock "0:00:45"]
[Variant "Standard"]

1. d4 {[%clk 1:30:56]}  e6 {[%clk 1:30:58]} 2. c4 {[%clk 1:31:09]}  f5 {[%clk 1:31:26]} 3. g3 {[%clk 1:31:32]}  Nf6 {[%clk 1:31:48]} 4. Bg2 {[%clk 1:31:56]}  d5 {[%clk 1:31:32]} 5. Nh3 {[%clk 1:31:36]}  c6 {[%clk 1:30:54]} 6. O-O {[%clk 1:31:28]}  Bd6 {[%clk 1:27:42]} 7. Qc2 {[%clk 1:29:34]}  O-O {[%clk 1:26:27]} 8. Bf4 {[%clk 1:29:19]}  Be7 {[%clk 1:26:39]} 9. Bg5 {[%clk 1:19:27]}  a5 {[%clk 1:23:47]} 10. Nf4 {[%clk 1:17:26]}  Na6 {[%clk 1:20:26]} 11. a3 {[%clk 1:17:34]}  Nc7 {[%clk 1:19:17]} 12. e3 {[%clk 1:15:17]}  Bd7 {[%clk 1:18:45]} 13. Nd2 {[%clk 1:11:04]}  a4 {[%clk 1:16:27]} 14. Nd3 {[%clk 1:08:35]}  b5 {[%clk 1:15:15]} 15. cxd5 {[%clk 1:06:48]}  cxd5 {[%clk 1:15:08]} 16. Rac1 {[%clk 1:01:38]}  Rc8 {[%clk 1:13:58]} 17. Qb1 {[%clk 0:55:38]}  Na6 {[%clk 1:04:58]} 18. Rxc8 {[%clk 0:52:56]}  Qxc8 {[%clk 1:04:58]} 19. Rc1 {[%clk 0:52:55]}  Qb7 {[%clk 1:04:08]} 20. Nf3 {[%clk 0:47:48]}  Rc8 {[%clk 1:02:01]} 21. Nfe5 {[%clk 0:46:39]}  Bf8 {[%clk 0:54:04]} 22. Bxf6 {[%clk 0:34:45]}  gxf6 {[%clk 0:54:19]} 23. Nxd7 {[%clk 0:33:45]}  Qxd7 {[%clk 0:54:29]} 24. Nf4 {[%clk 0:31:15]}  Rc7 {[%clk 0:46:24]} 25. Rxc7 {[%clk 0:28:22]}  Nxc7 {[%clk 0:46:45]} 26. Qc2 {[%clk 0:28:27]}  b4 {[%clk 0:44:05]} 27. axb4 {[%clk 0:27:01]}  Bxb4 {[%clk 0:44:26]} 28. Nd3 {[%clk 0:24:11]}  Bd6 {[%clk 0:42:33]} 29. Qc3 {[%clk 0:23:30]}  Qb5 {[%clk 0:39:27]} 30. Bf1 {[%clk 0:22:39]}  Qb6 {[%clk 0:32:40]} 31. Nc5 {[%clk 0:19:44]}  Qa7 {[%clk 0:23:26]} 32. Be2 {[%clk 0:12:52]}  Kf7 {[%clk 0:19:27]} 33. Bd1 {[%clk 0:11:57]}  Nb5 {[%clk 0:17:59]} 34. Qb4 {[%clk 0:08:29]}  a3 {[%clk 0:16:16]} 35. bxa3 {[%clk 0:08:40]}  Nxa3 {[%clk 0:16:25]} 36. Ba4 {[%clk 0:08:10]}  Nc4 {[%clk 0:16:19]} 37. Qb5 {[%clk 0:06:29]}  Qe7 {[%clk 0:16:02]} 38. Nb7 {[%clk 0:04:59]}  Bc7 {[%clk 0:15:55]} 39. Nc5 {[%clk 0:04:21]}  Bd6 {[%clk 0:16:01]} 40. Bd1 {[%clk 0:03:46]}  Kg6 {[%clk 0:12:34]} 41. Qc6 {[%clk 0:01:47]}  Ne5 {[%clk 0:13:26]} 42. Qc8 {[%clk 0:28:57]}  Bxc5 {[%clk 0:12:35]} 43. dxc5 {[%clk 0:28:40]}  Qd7 {[%clk 0:12:34]} 44. Qg8+ {[%clk 0:22:47]}  Kh6 {[%clk 0:12:25]} 45. Qf8+ {[%clk 0:22:46]}  Kg6 {[%clk 0:12:04]} 46. h4 {[%clk 0:22:08]}  Ng4 {[%clk 0:08:31]} 47. Bxg4 {[%clk 0:14:23]}  fxg4 {[%clk 0:08:59]} 48. Qg8+ {[%clk 0:12:39]}  Kf5 {[%clk 0:07:21]} 49. Qa8 {[%clk 0:11:57]}  Qc7 {[%clk 0:06:28]} 50. Qa3 {[%clk 0:10:16]}  e5 {[%clk 0:01:18]} 51. Qb4 {[%clk 0:09:26]}  Ke6 {[%clk 0:00:54]} 52. Qxg4+ {[%clk 0:09:37]}  f5 {[%clk 0:01:11]} 53. Qg8+ {[%clk 0:09:41]}  Kf6 {[%clk 0:01:01]} 54. Qxd5 {[%clk 0:09:49]}  e4 {[%clk 0:00:40]} 55. c6 {[%clk 0:09:01]}  Qb8 {[%clk 0:00:43]} 56. Qd4+ {[%clk 0:07:57]}  Kg6 {[%clk 0:00:46]} 57. Qd7 {[%clk 0:06:33]}  Qb1+ {[%clk 0:00:57]} 58. Kg2 {[%clk 0:06:41]}  Qe1 {[%clk 0:00:45]} 59. Qe6+ {[%clk 0:06:27]}  Kg7 {[%clk 0:00:45]} 60. Qxf5 {[%clk 0:06:12]} 1-0

[Event "45th FIDE Chess Olympiad Open"]
[Site "Budapest, Hungary"]
[Date "2024.09.22"]
[Round "11"]
[White "D`Amico, Nicola"]
[Black "Kumar, Manoj"]
[Result "1/2-1/2"]
[Board "329"]
[WhiteFideId "11800437"]
[BlackFideId "11400064"]
[BlackTitle "CM"]
[WhiteElo "1801"]
[BlackElo "1951"]
[WhiteTeam "San Marino"]
[BlackTeam "Fiji"]
[WhiteClock "0:29:48"]
[BlackClock "0:06:13"]
[Variant "Standard"]

1. e4 {[%clk 1:30:53]}  e5 {[%clk 1:30:53]} 2. Nf3 {[%clk 1:31:19]}  Nc6 {[%clk 1:31:18]} 3. Bc4 {[%clk 1:31:44]}  Bc5 {[%clk 1:31:41]} 4. O-O {[%clk 1:31:56]}  Nf6 {[%clk 1:31:48]} 5. d3 {[%clk 1:32:10]}  d6 {[%clk 1:31:52]} 6. c3 {[%clk 1:32:31]}  a6 {[%clk 1:31:37]} 7. a4 {[%clk 1:32:09]}  Ba7 {[%clk 1:29:25]} 8. Nbd2 {[%clk 1:31:17]}  O-O {[%clk 1:26:04]} 9. Re1 {[%clk 1:31:23]}  Ne7 {[%clk 1:15:53]} 10. Nf1 {[%clk 1:28:21]}  Ng6 {[%clk 1:16:12]} 11. b4 {[%clk 1:26:28]}  c6 {[%clk 1:14:20]} 12. Bb3 {[%clk 1:24:37]}  h6 {[%clk 1:05:43]} 13. h3 {[%clk 1:10:10]}  Re8 {[%clk 1:03:28]} 14. Be3 {[%clk 1:05:35]}  d5 {[%clk 0:46:41]} 15. Bxa7 {[%clk 1:04:29]}  Rxa7 {[%clk 0:47:10]} 16. Ng3 {[%clk 1:03:34]}  Ra8 {[%clk 0:45:47]} 17. Qc2 {[%clk 0:59:40]}  Qc7 {[%clk 0:43:43]} 18. d4 {[%clk 0:47:20]}  dxe4 {[%clk 0:43:40]} 19. Nxe4 {[%clk 0:47:18]}  Nxe4 {[%clk 0:43:37]} 20. Qxe4 {[%clk 0:47:25]}  Be6 {[%clk 0:42:56]} 21. Bxe6 {[%clk 0:43:41]}  Rxe6 {[%clk 0:43:25]} 22. Nxe5 {[%clk 0:41:10]}  Rae8 {[%clk 0:34:05]} 23. Qd3 {[%clk 0:38:36]}  Nxe5 {[%clk 0:34:13]} 24. Rxe5 {[%clk 0:38:23]}  Rxe5 {[%clk 0:34:29]} 25. dxe5 {[%clk 0:38:45]}  Qxe5 {[%clk 0:33:19]} 26. Rd1 {[%clk 0:38:50]}  g6 {[%clk 0:21:50]} 27. Qd7 {[%clk 0:34:04]}  Re7 {[%clk 0:20:29]} 28. Qd8+ {[%clk 0:34:18]}  Kg7 {[%clk 0:20:05]} 29. Qd3 {[%clk 0:34:31]}  a5 {[%clk 0:07:57]} 30. Qd4 {[%clk 0:32:39]}  Qxd4 {[%clk 0:07:18]} 31. Rxd4 {[%clk 0:32:46]}  axb4 {[%clk 0:07:44]} 32. cxb4 {[%clk 0:32:18]}  Re1+ {[%clk 0:08:05]} 33. Kh2 {[%clk 0:32:43]}  Rb1 {[%clk 0:08:19]} 34. a5 {[%clk 0:30:45]}  Kf6 {[%clk 0:06:47]} 35. a6 {[%clk 0:29:42]}  bxa6 {[%clk 0:06:13]} 36. Rd6+ {[%clk 0:29:48]} 1/2-1/2

[Event "45th FIDE Chess Olympiad Open"]
[Site "Budapest, Hungary"]
[Date "2024.09.22"]
[Round "11"]
[White "Prasad, Rudr"]
[Black "Righi, Ezio"]
[Result "0-1"]
[Board "330"]
[WhiteFideId "11401095"]
[BlackFideId "11800038"]
[WhiteTitle "CM"]
[BlackTitle "FM"]
[WhiteElo "1777"]
[BlackElo "1909"]
[WhiteTeam "Fiji"]
[BlackTeam "San Marino"]
[WhiteClock "1:08:24"]
[BlackClock "0:41:52"]
[Variant "Standard"]

1. d4 {[%clk 1:30:55]}  d5 {[%clk 1:30:49]} 2. c4 {[%clk 1:31:21]}  e6 {[%clk 1:31:01]} 3. g3 {[%clk 1:31:48]}  c6 {[%clk 1:30:46]} 4. Bg2 {[%clk 1:31:58]}  dxc4 {[%clk 1:30:35]} 5. a4 {[%clk 1:31:55]}  Nf6 {[%clk 1:29:24]} 6. Nc3 {[%clk 1:31:52]}  Bb4 {[%clk 1:26:51]} 7. Nf3 {[%clk 1:31:00]}  c5 {[%clk 1:25:01]} 8. O-O {[%clk 1:30:08]}  cxd4 {[%clk 1:24:57]} 9. Nxd4 {[%clk 1:30:36]}  O-O {[%clk 1:25:04]} 10. e3 {[%clk 1:23:31]}  Qe7 {[%clk 1:15:48]} 11. Qe2 {[%clk 1:22:37]}  e5 {[%clk 1:13:24]} 12. Nc2 {[%clk 1:21:44]}  Be6 {[%clk 1:11:04]} 13. Nxb4 {[%clk 1:20:49]}  Qxb4 {[%clk 1:11:27]} 14. Bd2 {[%clk 1:19:16]}  Qe7 {[%clk 1:11:22]} 15. a5 {[%clk 1:15:14]}  Na6 {[%clk 1:05:40]} 16. Qf3 {[%clk 1:12:26]}  Nc5 {[%clk 1:03:17]} 17. Nb5 {[%clk 1:12:21]}  a6 {[%clk 1:01:31]} 18. Na3 {[%clk 1:12:14]}  Nb3 {[%clk 0:56:30]} 19. Rad1 {[%clk 1:12:08]}  Nxd2 {[%clk 0:56:29]} 20. Rxd2 {[%clk 1:12:26]}  c3 {[%clk 0:56:34]} 21. Rc2 {[%clk 1:10:49]}  cxb2 {[%clk 0:56:48]} 22. Nc4 {[%clk 1:10:56]}  Rac8 {[%clk 0:56:00]} 23. Qe2 {[%clk 1:11:07]}  Qc7 {[%clk 0:45:07]} 24. Na3 {[%clk 1:09:54]}  Qxa5 {[%clk 0:45:18]} 25. Rxc8 {[%clk 1:10:09]}  Rxc8 {[%clk 0:45:31]} 26. Qxb2 {[%clk 1:10:33]}  b5 {[%clk 0:45:06]} 27. Rc1 {[%clk 1:10:07]}  Rxc1+ {[%clk 0:44:45]} 28. Qxc1 {[%clk 1:10:36]}  b4 {[%clk 0:43:47]} 29. Qc6 {[%clk 1:10:46]}  h6 {[%clk 0:42:30]} 30. Nb1 {[%clk 1:08:05]}  b3 {[%clk 0:41:46]} 31. Be4 {[%clk 1:07:57]}  Nxe4 {[%clk 0:41:57]} 32. Qxe4 {[%clk 1:08:24]}  Bd5 {[%clk 0:41:52]} 0-1

[Event "45th FIDE Chess Olympiad Open"]
[Site "Budapest, Hungary"]
[Date "2024.09.22"]
[Round "11"]
[White "Volpinari, Danilo"]
[Black "Terubea, Ronald"]
[Result "1-0"]
[Board "331"]
[WhiteFideId "11800054"]
[BlackFideId "11400331"]
[WhiteTitle "FM"]
[BlackTitle "CM"]
[WhiteElo "1939"]
[BlackElo "1836"]
[WhiteTeam "San Marino"]
[BlackTeam "Fiji"]
[WhiteClock "0:04:02"]
[BlackClock "0:45:41"]
[Variant "Standard"]

1. e4 {[%clk 1:30:45]}  d5 {[%clk 1:30:50]} 2. exd5 {[%clk 1:31:06]}  Nf6 {[%clk 1:31:05]} 3. d4 {[%clk 1:31:06]}  Nxd5 {[%clk 1:31:00]} 4. Nf3 {[%clk 1:30:43]}  Bf5 {[%clk 1:29:16]} 5. Be2 {[%clk 1:22:42]}  e6 {[%clk 1:28:52]} 6. O-O {[%clk 1:21:46]}  Be7 {[%clk 1:29:02]} 7. a3 {[%clk 1:21:34]}  c6 {[%clk 1:27:08]} 8. c4 {[%clk 1:18:30]}  Nc7 {[%clk 1:27:26]} 9. Be3 {[%clk 1:16:51]}  Nd7 {[%clk 1:27:36]} 10. Nc3 {[%clk 1:16:15]}  O-O {[%clk 1:23:38]} 11. Qd2 {[%clk 1:16:44]}  Bf6 {[%clk 1:21:45]} 12. Rfd1 {[%clk 1:15:33]}  Qe7 {[%clk 1:21:52]} 13. Rac1 {[%clk 1:09:20]}  Rfd8 {[%clk 1:18:40]} 14. Qe1 {[%clk 1:07:19]}  h6 {[%clk 1:13:57]} 15. h3 {[%clk 0:54:30]}  Nf8 {[%clk 1:13:40]} 16. Ne5 {[%clk 0:49:13]}  c5 {[%clk 1:11:05]} 17. Nf3 {[%clk 0:48:56]}  cxd4 {[%clk 1:06:44]} 18. Nxd4 {[%clk 0:46:40]}  Bxd4 {[%clk 1:07:03]} 19. Bxd4 {[%clk 0:46:39]}  e5 {[%clk 1:07:15]} 20. Bf3 {[%clk 0:44:00]}  Re8 {[%clk 1:05:43]} 21. Be3 {[%clk 0:41:25]}  e4 {[%clk 1:05:26]} 22. Be2 {[%clk 0:41:49]}  Bg6 {[%clk 1:03:38]} 23. Nd5 {[%clk 0:39:11]}  Nxd5 {[%clk 1:01:45]} 24. cxd5 {[%clk 0:39:20]}  Qh4 {[%clk 1:01:19]} 25. Rc7 {[%clk 0:38:40]}  b6 {[%clk 1:00:36]} 26. Rdc1 {[%clk 0:35:37]}  f5 {[%clk 0:59:21]} 27. Qd2 {[%clk 0:34:11]}  Bf7 {[%clk 0:58:40]} 28. Kh2 {[%clk 0:32:41]}  Red8 {[%clk 0:56:56]} 29. g3 {[%clk 0:29:12]}  Qf6 {[%clk 0:56:44]} 30. Bc4 {[%clk 0:20:18]}  Ng6 {[%clk 0:54:24]} 31. Bd4 {[%clk 0:20:00]}  Ne5 {[%clk 0:53:33]} 32. Qf4 {[%clk 0:08:55]}  Nf3+ {[%clk 0:48:30]} 33. Qxf3 {[%clk 0:09:13]}  Qxd4 {[%clk 0:48:50]} 34. Qxf5 {[%clk 0:08:23]}  Bxd5 {[%clk 0:48:50]} 35. Bxd5+ {[%clk 0:06:17]}  Rxd5 {[%clk 0:45:41]} 36. Rxg7+ {[%clk 0:04:02]} 1-0